000 00560nam a2200193Ia 4500
005 20250326144730.0
008 250326s9999 xx 000 0 und d
020 _a0-88405-310-5
037 _aAnnuals, Advances
040 _aFMSL
_beng
_cFMSL
041 _aeng
_2eng
084 _aX:8 L59
_qFMSL
100 _aLee Sang
_9744567
245 0 _aIntroduction to decision science
_cLee Sang; Moore Laurence J
260 _aNew York
_bNew York, Petrocelli
_c1975
300 _axii,589
942 _cTB
_hX:8 L59
999 _c1304805
_d1304805